Shark quiz - Statistics

General Stats
  • This quiz has been taken 58 times
  • The average score is 8 of 10
Answer Stats
Question Answer % Correct
What shark appears in Jaws? Great white shark
100%
Do sharks have bones? No
100%
Sharks are fish, True or False? True
98%
What shark appears in the Meg? Megalodon
92%
What species of shark is the biggest? Whale Shark
92%
How many different types of hammerhead sharks are there? 10
84%
What is the fastest shark? Shortfin Mako shark
84%
Which shark is named after a fruit? Lemon shark
80%
What type of shark is the answer above? Greenland
76%
How old is the oldest known living shark? 400 years
8%
No matching quizzes found
Score Distribution
Percent of People with Each Score
Percentile by Number Answered
Your Score History
You have not taken this quiz